Bigflo et Oli -- Mourir pour renaitre - Statistiques

Statistiques générales
  • Ce quiz a été pris 30 fois
  • Le résultat moyen est 176 sur 449
Statistiques - réponses
Réponse % Correct
pour
89%
de
84%
à
79%
À
79%
a
79%
Le
79%
le
79%
la
74%
ma
74%
renaître ?
74%
est
68%
que
68%
qu'on
68%
va
68%
ça
63%
ça,
63%
mais
63%
Mais
63%
me
63%
fois
58%
Frère,
58%
frère,
58%
jamais
58%
J'aurais
58%
je
58%
Je
58%
mourir
58%
nombre
58%
pu
58%
Quand
58%
quand
58%
se
58%
te
58%
arriver
53%
J'ai
53%
J'ai
53%
j'ai
53%
les
53%
Les
53%
pas
53%
pleurer
53%
rage
53%
tu
53%
y
53%
comme
47%
des
47%
Et
47%
laisse
47%
marche
47%
même
47%
qu'il
47%
si
47%
tomber,
47%
un
47%
vie,
47%
vie
47%
dans
42%
devant
42%
du
42%
être
42%
j'avance
42%
j'crois
42%
mon
42%
Mon
42%
personne
42%
pote
42%
sa
42%
sont
42%
temps
42%
trop
42%
veux
42%
concert
37%
craquer,
37%
Est-ce
37%
d'mourir
37%
d'mourir ?
37%
Est-ce
37%
Il
37%
il
37%
j'aime
37%
mes
37%
obligés
37%
part,
37%
partie
37%
Partie
37%
presque
37%
questionnes
37%
rap
37%
sur
37%
sûr
37%
t'as
37%
cash,
32%
déceptions,
32%
deux
32%
Deux
32%
en
32%
foules
32%
idée
32%
m'annonce
32%
marches
32%
marier
32%
Messi
32%
moi
32%
parier,
32%
première
32%
prières,
32%
Rosario
32%
tellement
32%
Toulouse,
32%
une
32%
voir
32%
2011,
26%
Ariana
26%
avec
26%
Ces
26%
cru
26%
destin
26%
difficiles
26%
fenêtre
26%
festivals
26%
heures
26%
j'déplace
26%
J'veux
26%
Mac
26%
Miller
26%
minutes
26%
passe
26%
personnelle
26%
pièces
26%
professionnelle
26%
Quelle
26%
quinze
26%
regardait
26%
regarder
26%
réussite
26%
sais
26%
serrées
26%
trahisons,
26%
travers
26%
wari,
26%
Wario
26%
après,
21%
aux
21%
c'est
21%
comment
21%
dents
21%
C'est
21%
dix
21%
ex,
21%
fais
21%
faut
21%
finis
21%
font
21%
j'me
21%
l'auteur
21%
L'inverse
21%
m'aimer
21%
missile
21%
nuit
21%
Petit
21%
présente
21%
Rupture
21%
scénario
21%
trouble
21%
vite,
21%
vois
21%
YouTuber
21%
cachets
16%
cadeaux
16%
choix
16%
d'enfance
16%
Déprimé
16%
détecteur
16%
dire
16%
Vacciné
16%
donc
16%
faire
16%
Flo
16%
grande
16%
gratteurs
16%
haters,
16%
l'taxi
16%
manque
16%
m'charriait
16%
mère
16%
m'inquiète
16%
motivé
16%
neuf,
16%
obsessionnel,
16%
On
16%
16%
parfois,
16%
piscine,
16%
potes
16%
potes,
16%
psy
16%
rappeur
16%
rattrape ?
16%
sangria
16%
ses
16%
s'inquiète
16%
sommeil,
16%
verre
16%
veut
16%
villa
16%
vingt
16%
volley
16%
Bien
11%
bien
11%
d'étoiles
11%
dis
11%
dit
11%
d'un
11%
fils
11%
fous
11%
grave,
11%
j'm'en
11%
J'ramène
11%
j'sais
11%
J'sais
11%
l'hôtel
11%
lui,
11%
moins
11%
père
11%
Sefyu
11%
temps-ci,
11%
tête,
11%
tout
11%
autour
5%
blackouts
5%
cette
5%
cocktail
5%
codes
5%
côte,
5%
courts,
5%
depuis
5%
disques
5%
gosse,
5%
manche,
5%
Ouais
5%
qu'je
5%
repose
5%
semaines
5%
Tant
5%
tous
5%
vend
5%
vivre
5%
Yeah
5%
demain,
0%
demain
0%
détox,
0%
dorme,
0%
étonne,
0%
faisait
0%
Fallait
0%
force
0%
hors
0%
j'allais
0%
(j'avance, j'avance, j'avance)
0%
j'efface
0%
j'vais
0%
j'vous
0%
kiffe
0%
l'accorde
0%
l'époque
0%
maison
0%
moments
0%
m'raconte
0%
normes,
0%
pause,
0%
perdu
0%
p't-être
0%
qu'ça
0%
retrouve
0%
Rolex,
0%
tocs
0%
Aucun quiz correspondant
Distribution des résultats
% des personnes avec chaque résultat
Percentile par nombre de réponses
Votre historique - résultats
Vous n’avez pas pris ce quiz